| 000 | 00474cam a22002051 4500 | ||
|---|---|---|---|
| 001 | sa 67003640 | ||
| 003 | DLC | ||
| 005 | 20260227112339.0 | ||
| 008 | 881028s1966 xx 000 0 beno | ||
| 010 | _asa 67003640 | ||
| 035 | _a(OCoLC)23567928 | ||
| 040 |
_aDLC _cMiU _dDLC |
||
| 042 | _apremarc | ||
| 050 | 0 | 0 |
_aPK1718.S277 _bS2 |
| 100 | 1 | _aSanyal, Biswa Bandhu. | |
| 245 | 1 | 0 | _aSāgara bede. |
| 260 | _c[1966] | ||
| 300 |
_a192 p. _c23 cm. |
||
| 500 | _aRomanized. | ||
| 999 |
_c73949 _d73949 |
||